Normal view
MARC view
Entry Personal Name
001 - CONTROL NUMBER
- control field: 6515
003 - CONTROL NUMBER IDENTIFIER
- control field: BD-RjUL
005 - DATE AND TIME OF LATEST TRANSACTION
- control field: 20230111104816.0
008 - FIXED-LENGTH DATA ELEMENTS
- fixed length control field: 230111|| aca||aabn | a|a d
040 ## - CATALOGING SOURCE
- Original cataloging agency: BD-RjUL
- Transcribing agency: BD-RjUL
100 ## - HEADING--PERSONAL NAME
- Personal name: মন্তাজ, সাহেদ
670 ## - SOURCE DATA FOUND
- Source citation: Work cat.: (BD-RjUL)81046: মন্তাজ, সাহেদ , বাঙালি জাতীয়তাবাদ ও বঙ্গবন্ধু /, ২০২১